LEADER 00849nam0 2200289 i 450 001 996526366203316 005 20230518111518.0 010 $a978-88-6774-155-7 100 $a20190115d2018----||||0itac50 ba 101 $aita 102 $aIT 200 1 $a<> fondazioni$esfide del presente e prospettive per il futuro$fa cura di Carmelo Scarcella e Emma Lanzani 210 1 $a[Milano]$cBruno Mondadori$d2018 215 $aXVI, 239 p.$d21 cm 225 2 $aRicerca 410 0$aRicerca 606 0 $aFondazioni $yItalia$2BNCF 676 $a361.76320945 702 1$aSCARCELLA,$bCarmelo 702 1$aLANZANI,$bEmma 801 0$aIT$bcba$bcba$gREICAT 912 $a996526366203316 951 $a361.763 FON 1$b283496 L.M.$c361.763 FON$d555550 959 $aBK 969 $aUMA 996 $aFondazioni$962478 997 $aUNISA